00968cam a22002653a 45000010008000000030009000080050017000170070008000340080039000420100006000810200018000870400025001051000030001302450125001602500013002852600094002983000026003924900023004185000137004415210027005786000009006057000029006147000035006438300024006780000784DO-SdBNP20180213142706.00000784861112 2004 mx a 000 0 spa d a  a9789681910143 aBPMSUcspadBPMSUd 1 aBen Jelloun, Tahard1944-10aPapá, ¿qué es el racismo ? /cTahar Ben Jelloun ; prólogo Fernando Savater ; traducción Malika Embarek López  a5a. ed.  aMéxico :bSantillana ediciones generales,bAlfaguara,c2004.g(5ta. reimpresión 2008) a101 p. :bil.c20 cm.0 aAlfaguara infantil aLa biblioteca posee la 5ta. reimpresión de junio 2008 y la 8va. reimpresión de marzo 2009 de la primera edición de junio 2004. aA partir de 10 años.00a x 12aSavater, Fernandoeprol.12aEmbarek López, Malikaetrad. 0aAlfaguara infantil